<?xml version="1.0" encoding="UTF-8"?>
<resp>
  <nextPage>https://data.bn.org.pl/api/networks/bibs.marcxml?marc=001+b00001150002946&amp;sinceId=1150002947</nextPage>
  <collection>
    <record xmlns='http://www.loc.gov/MARC21/slim'><leader>00774namZa2200253ZiZ4500</leader><controlfield tag='001'>b00001150002946</controlfield><controlfield tag='005'>20241203214248.5</controlfield><controlfield tag='008'>230609s        pl           |000 0 pol c</controlfield><controlfield tag='009'>9913261593405606</controlfield><datafield ind1=' ' ind2=' ' tag='035'><subfield code='a'>(PL)b00001150002946</subfield></datafield><datafield ind1=' ' ind2=' ' tag='035'><subfield code='a'>KR_1_20120317230037000843</subfield><subfield code='9'>ExL</subfield></datafield><datafield ind1=' ' ind2=' ' tag='035'><subfield code='a'>KR_1KR_1_20120317230037000843-48omnis_kr</subfield></datafield><datafield ind1=' ' ind2=' ' tag='040'><subfield code='a'>KR_1</subfield><subfield code='c'>KR_1</subfield></datafield><datafield ind1='0' ind2=' ' tag='041'><subfield code='a'>pol</subfield></datafield><datafield ind1='1' ind2=' ' tag='100'><subfield code='a'>Leśniak, Witold</subfield></datafield><datafield ind1='1' ind2='0' tag='245'><subfield code='a'>Silniki i osprzęt /</subfield><subfield code='c'>Witold Leśniak.</subfield></datafield><datafield ind1=' ' ind2=' ' tag='260'><subfield code='a'>W-wa :</subfield><subfield code='b'>Wydawnictwa Komunikacji i Łączności,</subfield><subfield code='c'>1975.</subfield></datafield><datafield ind1=' ' ind2=' ' tag='300'><subfield code='a'>412 s. :</subfield><subfield code='b'>il. ;</subfield><subfield code='c'>21 cm</subfield></datafield><datafield ind1='1' ind2=' ' tag='490'><subfield code='a'>Ilustrowany Leksykon Samochodowy.</subfield></datafield><datafield ind1=' ' ind2=' ' tag='500'><subfield code='a'>n</subfield></datafield><datafield ind1=' ' ind2=' ' tag='852'><subfield code='b'>48OMNIS_NETWORK</subfield><subfield code='8'>9913261593405606</subfield></datafield><datafield ind1=' ' ind2=' ' tag='852'><subfield code='b'>48OMNIS_KR</subfield><subfield code='8'>991000029449708216</subfield></datafield></record>
  </collection>
</resp>
